Sabrina Carpenter - Paroles Lie to Girls - Statistiques

Statistiques générales
  • Ce quiz a été pris 54 fois
  • Le résultat moyen est 260 sur 321
Statistiques - réponses
Hint Réponse % Correct
do
100%
Do
100%
Couplet 1 Don't
100%
don't
100%
(Don't
100%
lie
100%
to
100%
To
100%
Refrain You
100%
you,
100%
you
100%
girl
97%
the
97%
The
97%
girls
95%
Outro Girls
95%
have
95%
have)
95%
I
95%
a
92%
An
92%
an
92%
(Oh)
92%
(Ooh)
92%
and
90%
(And
90%
they
90%
your
90%
If
87%
it
87%
on
87%
like
85%
Like
85%
mom
85%
swear
85%
will
85%
die
82%
That
82%
that
82%
themselves
82%
cry
79%
for
79%
just
79%
mother
79%
My
79%
my
79%
'til
79%
Couplet 2 All
77%
all
77%
(All
77%
but
77%
first
77%
it's
77%
It's
77%
know
77%
sisters)
77%
they'll
77%
They'll
77%
better
74%
day
74%
friends)
74%
need
74%
of
74%
anyone
72%
had
72%
I'm
72%
in
72%
love
72%
No,
72%
no
72%
pretend
72%
than
72%
can
69%
else?
69%
ever
69%
look
69%
month
69%
once
69%
say
69%
was
69%
excuses
67%
forever
67%
make
67%
stupid,
67%
try
67%
We
67%
best
64%
chance
64%
clever
64%
happened
64%
lose
64%
never
64%
their
64%
butterflies
62%
can't
62%
even
62%
mistake
62%
There's
62%
ugly
62%
damn
59%
finger
59%
I've
59%
lucky
59%
minds
59%
guy
56%
into
56%
stand
56%
truth
56%
Yeah,
56%
you've
56%
arrest
54%
cardiac
54%
chances
54%
club
54%
drink
54%
give
54%
looks
54%
seen
54%
something
54%
Turn
54%
getting
51%
goddamn
51%
good
51%
incident
51%
isolated
51%
strip
51%
shitshow
49%
bend
46%
her
46%
Isn't
46%
lift
46%
outside
46%
incorrect
44%
they're
44%
whole
44%
facts
41%
lot
41%
read
41%
ideal,
38%
Against
36%
cold,
36%
hard
36%
cards
33%
tarot
31%
Aucun quiz correspondant
Distribution des résultats
% des personnes avec chaque résultat
Percentile par nombre de réponses
Votre historique - résultats
Vous n’avez pas pris ce quiz